| 000 | 00590nam a2200157 i 4500 | ||
|---|---|---|---|
| 001 | 61697 | ||
| 003 | ES-MaACL | ||
| 007 | t| | ||
| 008 | 031113s1955 sp ||||1| spa d | ||
| 100 | 1 |
_aFacio Arribas, Manuel. _948602 |
|
| 245 | 1 | 0 |
_aPatología quirúrgica _b: adaptada al programa de Ayudante Técnico Sanitario 2º curso / _cManuel Facio Arribas ; con la colaboración de Jorge de Murga y Serret. |
| 260 |
_aMadrid : _bMurga, _c1955 ( _fGráf. Onofre Alonso) |
||
| 300 |
_a159 p., 3 lám. ; _c24 cm. |
||
| 700 | 1 |
_aMurga y Serret, Jorge de. _984574 |
|
| 852 |
_aES-MaACL _jC-9940 _bR.38113 |
||
| 999 |
_c61697 _d61697 |
||